Detalles MARC
| 000 -LEADER |
| fixed length control field |
01879 am a2200553 a 4500 |
| 005 - FECHA ULTIMA MODIFICACION |
| control field |
20240515132855.0 |
| 008 - CAMPO DE CONTROL (LIBRO) |
| fixed length control field |
100615s1991||||ag # f |||| 001 0 spa d |
| 020 ## - INTERNATIONAL STANDARD BOOK NUMBER |
| ISBN |
950123116X |
| 041 ## - CODIGO DE IDIOMA |
| Código de idioma del texto/pista de sonido o título separado |
spa |
| 092 ## - SIGNATURA TOPOGRAFICA DEWEY LOCAL |
| número de clasificación |
616.89 |
| libristica |
74 |
| sección |
RIC |
| 100 1# - ENTRADA PRINCIPAL--NOMBRE PERSONAL |
| Nombre personal |
Ricón, Lía. |
| 9 (RLIN) |
682 |
| 245 ## - TITULO PROPIAMENTE DICHO |
| Título |
Problemas en el campo de la salud mental / |
| Mención de responsabilidad y remanente de la transcripción de la portada |
Lía Ricón |
| 250 ## - MENCION DE EDICION |
| Mención de edición |
1a ed. |
| 260 ## - PIE DE IMPRENTA |
| Lugar de publicación, distribución, etc |
Buenos Aires: |
| Nombre de la editorial, distribuidor, etc |
Paidos; |
| Fecha de publicación |
1991. |
| 300 ## - DESCRIPCION FISICA |
| Extension |
327 p. |
| 500 ## - NOTA GENERAL |
| Nota general |
Ricón, L. y Di Segni, S. (1991). Problemas en el campo de la salud mental. (1a ed.). Buenos Aires : Paidos. |
| 590 ## - NOTAS LOCALES (RLIN) |
| Nota local |
Donación Dra. Silvia L. Perez Marra, 17/11/2004 |
| 590 ## - NOTAS LOCALES (RLIN) |
| Nota local |
Colección Psiquiatría. Psicopatología y Psicosomatica |
| 653 ## - TÉRMINO INDIZADO - PALABRAS CLAVES |
| Palabra clave |
Modelos teóricos |
| 653 ## - TÉRMINO INDIZADO - PALABRAS CLAVES |
| Palabra clave |
Hechos históricos en la psiquiatría Argentina |
| 653 ## - TÉRMINO INDIZADO - PALABRAS CLAVES |
| Palabra clave |
Funciones del yo y mecanismos de defensa |
| 653 ## - TÉRMINO INDIZADO - PALABRAS CLAVES |
| Palabra clave |
Entrevista psiquiátrica |
| 653 ## - TÉRMINO INDIZADO - PALABRAS CLAVES |
| Palabra clave |
Psicodiagnóstico |
| 653 ## - TÉRMINO INDIZADO - PALABRAS CLAVES |
| Palabra clave |
Grandes cuadros nosológicos |
| 653 ## - TÉRMINO INDIZADO - PALABRAS CLAVES |
| Palabra clave |
Estructuras de personalidad |
| 653 ## - TÉRMINO INDIZADO - PALABRAS CLAVES |
| Palabra clave |
Neurosis |
| 653 ## - TÉRMINO INDIZADO - PALABRAS CLAVES |
| Palabra clave |
Enfermedades psicosomáticas |
| 653 ## - TÉRMINO INDIZADO - PALABRAS CLAVES |
| Palabra clave |
Psicosis |
| 653 ## - TÉRMINO INDIZADO - PALABRAS CLAVES |
| Palabra clave |
Estados depresivos |
| 653 ## - TÉRMINO INDIZADO - PALABRAS CLAVES |
| Palabra clave |
Delirios |
| 653 ## - TÉRMINO INDIZADO - PALABRAS CLAVES |
| Palabra clave |
Esquizofrenias |
| 653 ## - TÉRMINO INDIZADO - PALABRAS CLAVES |
| Palabra clave |
Familia y los grupos humanos |
| 653 ## - TÉRMINO INDIZADO - PALABRAS CLAVES |
| Palabra clave |
Adicciones |
| 653 ## - TÉRMINO INDIZADO - PALABRAS CLAVES |
| Palabra clave |
Crisis vitales |
| 653 ## - TÉRMINO INDIZADO - PALABRAS CLAVES |
| Palabra clave |
Enfoque psicodinámico en patologías orgánicas |
| 653 ## - TÉRMINO INDIZADO - PALABRAS CLAVES |
| Palabra clave |
Cuerpo anatomofisiológico |
| 653 ## - TÉRMINO INDIZADO - PALABRAS CLAVES |
| Palabra clave |
Urgencias psiquiátricas |
| 653 ## - TÉRMINO INDIZADO - PALABRAS CLAVES |
| Palabra clave |
Personal de salud ante lo irreparable |
| 653 ## - TÉRMINO INDIZADO - PALABRAS CLAVES |
| Palabra clave |
Atención primaria en psiquiatría |
| 653 ## - TÉRMINO INDIZADO - PALABRAS CLAVES |
| Palabra clave |
Aspectos legales |
| 653 ## - TÉRMINO INDIZADO - PALABRAS CLAVES |
| Palabra clave |
Psicoterapias |
| 653 ## - TÉRMINO INDIZADO - PALABRAS CLAVES |
| Palabra clave |
Psiquiatría en la enseñanza de la medicina |
| 653 ## - TÉRMINO INDIZADO - PALABRAS CLAVES |
| Palabra clave |
Vocación del personal de salud |
| 653 ## - TÉRMINO INDIZADO - PALABRAS CLAVES |
| Palabra clave |
Servicio de psiquitría en un hospital general |
| 700 1# - ENTRADAS SECUNDARIAS - NOMBRE PERSONAL |
| Nombre personal |
Di Segni, Silvia. |
| 9 (RLIN) |
918 |
| 930 ## - NUMERO DE INVENTARIO |
| Número de inventario |
1692 |
| 930 ## - NUMERO DE INVENTARIO |
| Número de inventario |
1109 |
| 942 ## - ADDED ENTRY ELEMENTS (KOHA) |
| Source of classification or shelving scheme |
Dewey Decimal Classification |
| Item type |
Libros |